| 000 | 01629nam0a2200373 4500 | ||
|---|---|---|---|
| 001 | RU\NLR\bibl\810349 | ||
| 005 | 20260406051557.0 | ||
| 010 |
_a5-472-00583-3 _95000 |
||
| 021 |
_aRU _b2005-7764 _9402 |
||
| 035 | _aEL/0000011145 | ||
| 035 | _a(NLR Aleph) 000799424 | ||
| 090 |
_a1171790 _c1171790 |
||
| 100 | _a20050217d2005 |||y0rusy50 ca | ||
| 101 | 0 | _arus | |
| 102 | _aRU | ||
| 105 | _aa ||||||||| | ||
| 200 | 1 |
_aБухгалтерский и налоговый учет: управление прибылью _fВ. Я. Кожинов |
|
| 210 |
_aМ. _cЭкзамен _d2005 |
||
| 215 |
_a414, [1] с. _cил. _d20 |
||
| 320 | _aБиблиогр.: с. 399-415 | ||
| 606 | 1 |
_aБухгалтерский учет _jПрактические пособия _yРоссийская Федерация _92073607 _3RU\NLR\auth\661248526 |
|
| 606 | 1 |
_aНалоговый учет _jПрактические пособия _yРоссийская Федерация _92265526 _3RU\NLR\auth\661358135 |
|
| 606 | 1 |
_aПрибыль _jПрактические пособия _xУчет _yРоссийская Федерация _92306103 _3RU\NLR\auth\661380392 |
|
| 686 |
_a65.052.2 _vLBC/RL _2rubbk |
||
| 686 | _aУ052.9(2)2я7 | ||
| 686 | _aУ052.9(2)226.141.3я7 | ||
| 686 | _aУ052.9(2)2-149.32я7 | ||
| 700 | 1 |
_4070 _8rus _7ca _aКожинов _bВ. Я. _gВалерий Яковлевич _3RU\NLR\auth\776813 _9116761 |
|
| 801 | 0 |
_aRU _bВологодская ОУНБ _c20050217 _gPSBO |
|
| 801 | 1 |
_aRU _bВологодская ОУНБ _c20050217 |
|
| 801 | 2 |
_aRU _bNLR _c20050616 _gPSBO |
|
| 942 | _cBOOK | ||
| 980 | _aNB | ||